000 00902cam a2200265 i 4500
003 SA-RiAUC
005 20250713133252.0
008 250710s2005 su g 00000 ara c
020 _a6594549960
020 _a9960945456
040 _aSA-RiKSU
_bara
_cSA-RiAUC
_erda
043 _aa-su---
082 0 4 _a301.633
_qSA-RiAUC
090 _a301.633
_bس ع و
245 0 2 _aالسعوديون والإرهاب :
_bرؤى عالمية /
_cمجموعة من المفكرين.
250 _aالطبعة الأولى.
264 1 _aالرياض :
_bدار غيناء للنشر،
_c2005.
300 _a560 صفحة ؛
_c21 سم
336 _aنص
_btxt
_2rdacontent
_3كتاب
337 _aبدون وسيط
_bn
_2rdamedia
338 _aمجلد
_bnc
_2rdacarrier
650 7 _aالإرهاب
_zالسعودية
_xوقاية
_2aucsh
942 _2ddc
_cBOOK
_n0
949 _aSA-JeALM
_d250710
_umohamedma123
_n1
999 _c9884
_d9884